| 000 | 00356cam a22001217a 4500 | ||
|---|---|---|---|
| 008 | 180718b1984 xxu||||| |||| 00| 0 eng d | ||
| 082 | _aHx54 Iy9a | ||
| 100 | _aKrishna Iyer, V. R. | ||
| 245 |
_aRandom miscellany, legal and other _cby V. R. Krishna Iyer |
||
| 260 |
_aNew Delhi _bPeoples Publishing House _c1984 |
||
| 300 | _avi, 133p | ||
| 650 | _aLaw --India | ||
| 999 |
_c427517 _d427517 |
||